000 00471pab a2200181 454500
008 180718b2014 xxu||||| |||| 00| 0 eng d
100 _aBylander, Maryann
245 _aBorrowing across borders: Migration and microcredit in Rural Cambodia
260 _c2014
300 _ap.284-307.
362 _aMar
650 _aMigration - Cambodia
650 _aCredit - Cambodia
650 _aCredit
773 _aDevelopment and Change
908 _aN
909 _a104168
999 _c104164
_d104164